01302nam a2200337Ia 4500001001100000003000800011006001900019007001500038008004100053010001700094020002200111040002100133035002000154050002700174100002900201245011600230260005000346300001900396504005100415533015200466546001300618650003500631650002800666650002900694655002900723700002800752700002700780710001700807856012500824999001500949ebr5001337CaPaEBRm u cr cn|||||||||000412s2000 enka sb 001 0 eng d z 00030593  z041523512X (pbk.) aCaPaEBRcCaPaEBR a(OCoLC)4814009114aLB1028.5b.K433 2000eb1 aKennewell, Steve,d1949-10aDeveloping the ICT capable schoolh[electronic resource] /cSteve Kennewell, John Parkinson, and Howard Tanner. aLondon ;aNew York :bRoutledgeFalmer,c2000. a186 p. :bill. aIncludes bibliographical references and index. aElectronic reproduction.bPalo Alto, Calif. :cebrary,d2013.nAvailable via World Wide Web.nAccess may be limited to ebrary affiliated libraries. aEnglish. 0aComputer-assisted instruction. 0aInformation technology. 0aEducational innovations. 7aElectronic books.2local1 aParkinson, John,d1947-1 aTanner, Howard,d1951-2 aebrary, Inc.40uhttp://site.ebrary.com/lib/rucke/Doc?id=5001337zAn electronic book accessible through the World Wide Web; click to view c1152d1152